000
00285nam a2200121Ia 4500
005
20251222143149.0
008
251222s9999||||xx |||||||||||||| ||spa||
082
_a
370.1/F39
100
_a
Fernández, Manuel
245
0
_a
Filosofía de la Educación:
264
_b
Ucss
942
_c
LIB
999
_c
12618
_d
12618